From jinnah to zia (Record no. 62509)

000 -LEADER
fixed length control field 00475nam a22001937a 4500
003 - CONTROL NUMBER IDENTIFIER
control field NUST - PNEC
005 - DATE AND TIME OF LATEST TRANSACTION
control field 20170116180750.0
008 - FIXED-LENGTH DATA ELEMENTS--GENERAL INFORMATION
fixed length control field 150307b xxu||||| |||| 00| 0 eng d
020 ## - INTERNATIONAL STANDARD BOOK NUMBER
International Standard Book Number -
040 ## - CATALOGING SOURCE
Transcribing agency LIBRARY
082 ## - DEWEY DECIMAL CLASSIFICATION NUMBER
Classification number 954.91 MUN
100 ## - MAIN ENTRY--PERSONAL NAME
9 (RLIN) 1633
Personal name Munir Muhammad
245 ## - TITLE STATEMENT
Title From jinnah to zia
Statement of responsibility, etc. Muhammad Munir
250 ## - EDITION STATEMENT
Edition statement -
260 ## - PUBLICATION, DISTRIBUTION, ETC.
Place of publication, distribution, etc. Lahore
Name of publisher, distributor, etc. Vanguard Books LTD
Date of publication, distribution, etc. c1980.
300 ## - PHYSICAL DESCRIPTION
Extent 183 p. :
650 ## - SUBJECT ADDED ENTRY--TOPICAL TERM
9 (RLIN) 1634
Topical term or geographic name entry element Pakistan
General subdivision General
942 ## - ADDED ENTRY ELEMENTS (KOHA)
Source of classification or shelving scheme
Koha item type Book
Holdings
Withdrawn status Lost status Source of classification or shelving scheme Damaged status Not for loan Permanent Location Current Location Shelving location Date acquired Source of acquisition Cost, normal purchase price Total Checkouts Full call number Barcode Date last seen Cost, replacement price Price effective from Koha item type
          Pakistan Navy Engineering College (PNEC) Pakistan Navy Engineering College (PNEC)     Donated 0.00   954.91 MUN PNECLIB-017134 03/07/2015 0.00   Book
          Pakistan Navy Engineering College (PNEC) Pakistan Navy Engineering College (PNEC)           954.91 MUN PNECLIB-009143 12/03/2015     Book
© 2023 Central Library, National University of Sciences and Technology. All Rights Reserved.